Case studies in human resource management (Record no. 404849)

000 -LEADER
fixed length control field 00441cam a22001457a 4500
008 - FIXED-LENGTH DATA ELEMENTS--GENERAL INFORMATION
fixed length control field 180718b2004 xxu||||| |||| 00| 0 eng d
082 ## - DEWEY DECIMAL CLASSIFICATION NUMBER
Classification number K C2672M
245 ## - TITLE STATEMENT
Title Case studies in human resource management
260 ## - PUBLICATION, DISTRIBUTION, ETC.
Place of publication, distribution, etc. Hyderabad
Name of publisher, distributor, etc. ICFAI Center for Managment Research
Date of publication, distribution, etc. 2004
300 ## - PHYSICAL DESCRIPTION
Extent 489p.
500 ## - GENERAL NOTE
General note Contents: v.2. 489p.
650 ## - SUBJECT ADDED ENTRY--TOPICAL TERM
Topical term or geographic name entry element Human resource managementB
650 ## - SUBJECT ADDED ENTRY--TOPICAL TERM
Topical term or geographic name entry element Personnel management
650 ## - SUBJECT ADDED ENTRY--TOPICAL TERM
Topical term or geographic name entry element anagement - Case studies
Holdings
Withdrawn status Lost status Damaged status Not for loan Permanent Location Current Location Date acquired Full call number Barcode Date last seen Price effective from Koha item type
        Indian Institute of Public Administration Indian Institute of Public Administration 2009-01-13 K In7c 82817 2018-07-21 2018-07-21 Book
        Indian Institute of Public Administration Indian Institute of Public Administration 2005-12-16 K C2672 80798 2018-07-21 2018-07-21 Book

Powered by Koha